000 00751nam a2200217 a 4500
001 000013058
005 20200929163129.0
008 091119s1969 mx 000 f spa d
040 _aDO-SdBNP
_bspa
_cBNPHU
082 _aM863.44
_bH484c
100 1 _aHelú, Antonio,
_q(Cagliostro),
_d1900-1972
_930180
245 1 3 _aEn centro de gravedad y otras cosas /
_cAntonio Helú.
260 _aMéxico :
_bSecretaría de Educación Pública,
_c1969.
300 _a111 ;
_c17 cm.
490 1 _aCuadernos de lectura popular
_v228
490 1 _aLa honda del espíritu
_v228
650 4 _aNovela mexicana
_93959
650 4 _aLiteratura mexicana
_ySIGLO XX
_99216
830 0 _aCuadernos de lectura popular,
_pLa honda del espíritu ;
_v228
_930181
049 _aBNGR
999 _c12700
_d12700